Music Quiz

Random Music or Artist Quiz

Songs of 2006 Quiz Stats

Quiz Updated Aug 11, 2016

Also try: Songs of 2005
Challenge
Share
Tweet
Score 0/50 Timer 14:00
7 Plays Today
Time Song % Correct
0:24-0:30Crazy
90.9%
0:48-0:54Ridin'
87.6%
5:19-5:25Hips Don't Lie
81.2%
2:00-2:07How to Save a Life
77.2%
5:58-6:05SexyBack
77.1%
4:39-4:46Bad Day
76.6%
0:31-0:39Irreplaceable
73.3%
5:34-5:42Chasing Cars
64.8%
2:08-2:14Promiscuous
63.6%
0:00-0:07Ain't No Other Man
62.5%
1:51-1:59Fergalicious
61.4%
6:06-6:13Before He Cheats
61%
5:03-5:10Dani California
60.8%
6:22-6:29White & Nerdy
60.5%
0:08-0:15I Wanna Love You
59.2%
3:43-3:50Waiting on the World to Change
59.1%
5:50-5:57The Sweet Escape
58.8%
2:31-2:38Lips of an Angel
57.4%
1:19-1:26It's Not Over
56.6%
5:11-5:18SOS
55%
4:31-4:38Temperature
54.3%
0:16-0:23It Ends Tonight
54.1%
3:11-3:18When You Were Young
51.5%
1:35-1:42Breaking Free
50.3%
4:47-4:54Buttons
49.7%
Time Song % Correct
1:11-1:18Walk Away
48.6%
3:59-4:05Welcome to the Black Parade
48%
2:47-2:54Chain Hang Low
46.7%
4:23-4:30I Write Sins Not Tragedies
46.5%
2:55-3:02Too Little Too Late
43.9%
5:43-5:49Ms. New Booty
43.1%
3:51-3:58Somewhere Over the Rainbow
42.6%
4:55-5:02What Hurts the Most
39.8%
2:15-2:22Here (In Your Arms)
35.3%
6:30-6:37It's Goin' Down
34.1%
3:35-3:42Money Maker
31.7%
3:27-3:34Snap Yo Fingers
31.2%
4:15-4:22Far Away
30.6%
0:40-0:47Me & U
29.7%
1:43-1:50Call Me When You're Sober
29.4%
1:27-1:34Not Ready to Make Nice
24.9%
5:26-5:33A Public Affair
24.5%
3:03-3:10We Fly High
24.1%
4:06-4:14Sexy Love
23.1%
3:19-3:26What's Left of Me
19.1%
0:55-1:02Pullin' Me Back
16.1%
6:14-6:21Walk It Out
13.9%
1:03-1:10Get Up
11.5%
2:23-2:30Do I Make You Proud
9.4%
2:39-2:46Show Me What You Got
8.1%

You're not logged in!

Compare scores with friends on all Sporcle quizzes.
Sign Up with Email
OR
Log In

You Might Also Like...

Show Comments

Extras

Top Quizzes Today


Score Distribution

Your Account Isn't Verified!

In order to create a playlist on Sporcle, you need to verify the email address you used during registration. Go to your Sporcle Settings to finish the process.